Statistics for Culture Cities of East Asia

Click here to take the quiz!

General Stats

  • This quiz has been taken 8 times
  • The average score is 7 of 35

Answer Stats

YearCountryAnswer% Correct
2018South KoreaBusan
88%
2017JapanKyoto
88%
2019ChinaXi'an
75%
2019South KoreaIncheon
63%
2023ChinaChengdu
50%
2017South KoreaDaegu
38%
2018ChinaHarbin
38%
2016South KoreaJeju
38%
2014JapanYokohama
38%
2024ChinaDalian
25%
2014South KoreaGwangju
25%
2015ChinaQingdao
25%
2017ChinaChangsha
13%
2018JapanKanazawa
13%
2020JapanKitakyushu
13%
2021JapanKitakyushu
13%
2016JapanNara
13%
2015JapanNiigata
13%
2022JapanOita
13%
2023JapanShizuoka
13%
2015South KoreaChungju
0%
2021ChinaDunhuang
0%
2022South KoreaGyeongju
0%
2023South KoreaJeonju
0%
2022ChinaJinan
0%
2023ChinaMeizhou
0%
2016ChinaNingbo
0%
2014ChinaQuanzhou
0%
2021ChinaShaoxing
0%
2021South KoreaSunchon
0%
2020South KoreaSunchon
0%
2019JapanToshima
0%
2024ChinaWeifang
0%
2022ChinaWenzhou
0%
2020ChinaYangzhou
0%

Score Distribution

Percentile by Number Answered

Percent of People with Each Score

Your Score History

You have not taken this quiz